000 01707pam a2200337 a 4500
001 014844788
003 Uk
005 20161121140443.0
008 081125s2009 mauaf frb 001 0 eng d
015 _aGBA8D6384
_2bnb
016 7 _a014844788
_2Uk
020 _a9780312487256 (US : pbk.)
020 _a0312487258 (US : pbk.)
040 _aStDuBDS
_beng
_cStDuBDS
_dUk
_dEG-ScBUE
042 _aukblcatcopy
082 0 4 _222
_a791.43
_bPHI
100 1 _aPhillips, William H.,‏ ‎
_d1940-‏
_941690
245 1 0 _aFilm :
_ban introduction /
_cWilliam H. Phillips.
250 _a4th ed.
260 _aBoston, Massauchettes :
_bBedford/St. Martin's,
_cc.2009.
300 _axxv, 726 p., [16] of plates :
_bill. (some col.) ;
_c24 cm.
500 _aIndex : p. 705-726.
504 _aIncludes bibliographical references.
505 _aMise en scène --Cinematography -- Editing -- Sound -- Sources for fictional films -- Components of fictional films -- Types of fictional films -- Documentary films -- Experimental, hybrid, and animated films -- Understanding films through contexts -- Thinking about films -- Reading and writing about films -- A sample description and analysis : The player -- Appendices : A chronology : film in context (1895-2008) -- Illustrated glossary -- How to read film credits.
520 _a This clear, well illustrated text takes the reader through the basics of film analysis, drawing on a wide range of film for discussion. Questions of genre and the contexts and meanings of film are considered.
590 _aWessam
650 7 _aMotion pictures.
_2BUEsh
_936104
650 0 _aMotion pictures
_xHistory.
_2BUEsh
651 _2BUEsh
942 _2ddc
_e22
_k791.43 PHI
999 _c23235
_d23207